| 000 | 00471nam a22001697a 4500 | ||
|---|---|---|---|
| 003 | OSt | ||
| 005 | 20211109155358.0 | ||
| 008 | 211109b |||||||| |||| 00| 0 eng d | ||
| 020 | _a0-8493-8506-7 | ||
| 040 | _cHawassa University | ||
| 050 |
_a641.1/SAU _b3 |
||
| 082 |
_22 _a641.1/SAU _b3 |
||
| 100 |
_aSauberlich,Howerde E. _917554 |
||
| 245 | _aLaboratory Tests for The Assessment of Nutritional Status | ||
| 260 |
_aNew York _bCRC Press _c1999 |
||
| 942 |
_2ddc _cBOOKS _n0 |
||
| 999 |
_c17338 _d17338 |
||